|
|
|
|
| LEADER |
01188nam a2200277 a 4500 |
| 001 |
520688 |
| 008 |
091210s1985 fr a b i000 0 eng d |
| 010 |
|
|
|a 86121098
|
| 020 |
|
|
|a 9231021338 (pbk.)
|
| 020 |
|
|
|a 9232021331 (French edition)
|
| 020 |
|
|
|a 9233021335 (Spanish edition)
|
| 040 |
|
|
|a DLC
|c DLC
|d DLC
|
| 082 |
0 |
0 |
|a 331.4/133
|2 19
|
| 100 |
1 |
|
|a Borcelle, Germaine.
|
| 245 |
1 |
0 |
|a Jobs for women :
|b a plea for equality of opportunity, technical education, vocational training, and employment /
|c Germaine Borcelle.
|
| 260 |
|
|
|a Paris :
|b Unesco,
|c 1985.
|
| 300 |
|
|
|a 165 p. :
|b ill. ;
|c 21 cm.
|
| 504 |
|
|
|a Includes bibliographical references.
|
| 541 |
1 |
|
|e 00003431
|
| 650 |
|
0 |
|a Occupational training for women.
|
| 650 |
|
0 |
|a Women
|x Vocational guidance.
|
| 650 |
|
0 |
|a Women
|x Employment.
|
| 650 |
|
0 |
|a Discrimination in employment.
|
| 852 |
4 |
|
|a Ayesha Abed Library
|j General shelf
|
| 999 |
|
|
|c 6065
|d 6065
|
| 952 |
|
|
|0 0
|1 0
|2 ddc
|4 0
|6 331_413300000000000_BOR
|7 0
|9 6057
|a BRACUL
|b BRACUL
|c GEN
|d 2009-12-14
|g 0.00
|l 0
|o 331.4133 BOR
|p 3010003431
|r 2009-12-14
|t 1
|w 2009-12-14
|y BK
|x No price found in the accession register ; Koha Inventory 2020 ; Previously missing book recovered on 10 August 2025
|